Tilastot visalle Euroopan kaupungit nähtävyyksien perusteella

Klikkaa tästä pelataksesi tätä visaa!

Yleistilastot

  • Tätä visaa on pelattu 48 kertaa
  • Keskiarvotulos 13 / 19

Vastaustilastot

HintVastaus% Oikein
Big BenLontoo
100%
AkropolisAteena
93%
Notre DamePariisi
93%
Pieni MerenneitoKööpenhamina
85%
LouvrePariisi
85%
Pisan torniPisa
85%
ColosseumRooma
85%
Vasa-museoTukholma
80%
HolmenkollenOslo
78%
Brandenburgin porttiBerliini
73%
Pietari-Paavalin linnoitusPietari
73%
Hagia SofiaIstanbul
68%
Budan linnaBudapest
63%
Sagrada FamíliaBarcelona
59%
KoliLieksa
56%
Schönbrunnin linnaWien
56%
Tretjakovin taidegalleriaMoskova
54%
Espanjalaiset portaatRooma
41%
Kadriorgin palatsiTallinna
17%

Tulosjakauma

Persentiili vastausten määrän mukaan

Jokaisen tuloksen saaneiden osuus

Tuloshistoriasi

Et ole pelannut tätä visaa